| 000 | 01259nam a2200301 i 4500 | ||
|---|---|---|---|
| 001 | 190779 | ||
| 003 | ES-MaACL | ||
| 005 | 20251015063159.0 | ||
| 008 | 220705m20072008sp f 001 0 spa | ||
| 020 | _a978-84-923939-7-8 | ||
| 080 | _a355.425.4(460)"1939/75" | ||
| 100 | 1 |
_aCava, Salvador F., _d1955- _9149352 |
|
| 245 | 1 | 4 |
_aLos guerrilleros de Levante y Aragón / _cSalvador F. Cava. |
| 250 | _a1ª ed. | ||
| 260 |
_aCuenca : _bTomebamba, _c2007-2008. |
||
| 300 |
_a2 v. : _blám. ; _c24 cm. |
||
| 500 | _aÍndices. | ||
| 504 | _aReferencias bibliográficas. | ||
| 505 | 8 | _aContiene: 1. 1945-1948: la lucha armada (660 p., [32] p. de lám.) -- 2. 1949-1952: el cambio de estrategia (621 p., [32] p. de lám.) | |
| 610 | 2 | 4 |
_aAgrupación Guerrillera de Levante y Aragón. _9174787 |
| 650 | 4 |
_aGuerrilleros- _zEspaña- _y1939-1975. _9174788 |
|
| 852 | 4 |
_aES-MaACL _jA-15000 _9197961 _bR.153202 _cDEPO1 _dOlim: N-8000 _gDedicatoria autógrafa del autor _hDonación: Salvador F. Cava _pVol.1 |
|
| 852 | 4 |
_aES-MaACL _jA-15001 _bR.153202 _cDEPO1 _dOlim: N-8001 _hDonación: Editorial _pVol.2 _9201184 |
|
| 903 |
_aCava, Salvador F., _d1955- _ednr _9149352 |
||
| 942 |
_2udc _cMONOGRAFIA |
||
| 999 |
_c190779 _d190779 |
||